Catalog

Record Details

Catalog Search



Oculus [DVD/videorecording] / Relativity Media and ... Read More

Record details

  • ISBN: 9786315556692
  • ISBN: 9780109579638
  • ISBN: 0109579631
  • Physical Description: 1 videodisc (104 min.) : sound color ; 4 3/4 in.
  • Publisher: Beverly Hills, California : Twentieth Century Fox Home Entertainment, [2014]

Content descriptions

General Note:
Originally released as a motion picture in 2013.
Special features: Inside the mirror: Creating Oculus ; theatrical trailer.
Creation/Production Credits Note:
Director of photography, Michael Fimognari ; ... Read More
Participant or Performer Note:
Karen Gillan, Brenton Thwaites, Katee Sackhoff, ... Read More
Summary, etc.:
"It's been ten years since the lives of siblings ... Read More
Target Audience Note:
MPAA rating: R, for terror, violence, some ... Read More
System Details Note:
DVD, NTSC, region 1, dual-layer, widescreen ... Read More
Language Note:
English dialogue; Spanish subtitles; English ... Read More
Subject: Murder > Drama.
Brothers and sisters > Drama.
Brothers and sisters.
Murder.
Genre: Horror films.
Feature films.
Fiction films.
Video recordings for the hearing impaired.
Drama.
LDR 04701cgm a2200877Ii 4500
001169402
003LARL_NWRL_CONSORTIUM
00520150224164018.0
007vd cvaizq
008140615s2014 cau104 e vleng d
019 . ‡a881522510
020 . ‡a9786315556692
020 . ‡a9780109579638
020 . ‡a0109579631
0241 . ‡a024543969075
02842. ‡a2296907 ‡bTwentieth Century Fox Home Entertainment
035 . ‡a(OCoLC)881427071 ‡z(OCoLC)881522510
040 . ‡aBDX ‡erda ‡cBDX ‡dTEF ‡dGL9 ‡dIK2 ‡dLPU ‡dGK8 ‡dCLE ‡dOCLCF ‡dIBI ‡dCGL
0411 . ‡aeng ‡jeng ‡jspa ‡heng
050 4. ‡aPN1997.2 ‡b.O28 2014
08204. ‡a791.43/72 ‡223
24500. ‡aOculus ‡h[DVD/videorecording] / ‡cRelativity Media and Intrepid Pictures present, in association with MICA Entertainment LLC and WWE Studios ; a BH Productions presentation ; produced by Trevor Macy, Marc D. Evans ; screenplay by Mike Flanagan & Jeff Howard ; directed by Mike Flanagan.
257 . ‡aUnited States. ‡2naf
260 . ‡aBeverly Hills, California : ‡bTwentieth Century Fox Home Entertainment, ‡c[2014]
300 . ‡a1 videodisc (104 min.) : ‡bsound color ; ‡c4 3/4 in.
336 . ‡atwo-dimensional moving image ‡btdi ‡2rdacontent
337 . ‡avideo ‡bv ‡2rdamedia
338 . ‡avideodisc ‡bvd ‡2rdacarrier
344 . ‡adigital ‡boptical ‡gsurround ‡hDolby digital 5.1 ‡2rda
346 . ‡aNTSC
347 . ‡avideo file ‡bDVD video ‡eRegion 1 ‡2rda
380 . ‡aMotion picture
538 . ‡aDVD, NTSC, region 1, dual-layer, widescreen (2.40:1), Dolby Digital 5.1 surround.
546 . ‡aEnglish dialogue; Spanish subtitles; English subtitles for the deaf and hard of hearing (SDH).
5111 . ‡aKaren Gillan, Brenton Thwaites, Katee Sackhoff, Rory Cochrane, Annalise Basso, Garrett Ryan Ewald, James Lafferty, Miguel Sandoval.
508 . ‡aDirector of photography, Michael Fimognari ; editor, Mike Flanagan ; music, Newton Brothers.
500 . ‡aOriginally released as a motion picture in 2013.
5218 . ‡aMPAA rating: R, for terror, violence, some disturbing images and brief language.
520 . ‡a"It's been ten years since the lives of siblings Tim and Kaylie Russell were shattered and Tim was convicted of murdering their parents. Now released from a mental institution, Tim wants to move on, but his sister has other plans. Kaylie blames their childhood nightmare on the Lasser Glass--an antique mirror with a grisly history--which she intends to destroy by any means possible, even as the mysterious entity continues to cast sinister spells on anyone who gazes into it"--Container.
500 . ‡aSpecial features: Inside the mirror: Creating Oculus ; theatrical trailer.
650 0. ‡aMurder ‡vDrama. ‡0(LARL_NWRL_CONSORTIUM)166039
650 0. ‡aBrothers and sisters ‡vDrama. ‡0(LARL_NWRL_CONSORTIUM)163774
650 7. ‡aBrothers and sisters. ‡2fast ‡0(LARL_NWRL_CONSORTIUM)15444
650 7. ‡aMurder. ‡2fast ‡0(LARL_NWRL_CONSORTIUM)26285
655 7. ‡aHorror films. ‡2lcgft ‡0(LARL_NWRL_CONSORTIUM)175653
655 7. ‡aFeature films. ‡2lcgft ‡0(LARL_NWRL_CONSORTIUM)175625
655 7. ‡aFiction films. ‡2lcgft ‡0(LARL_NWRL_CONSORTIUM)175626
655 7. ‡aVideo recordings for the hearing impaired. ‡2lcgft ‡0(LARL_NWRL_CONSORTIUM)175744
655 7. ‡aDrama. ‡2fast
7001 . ‡aMacy, Trevor, ‡eproducer.
7001 . ‡aEvans, Marc D. ‡eproducer.
7001 . ‡aFlanagan, Mike, ‡d1978- ‡escreenwriter, ‡efilm director, ‡eeditor.
7001 . ‡aHoward, Jeff, ‡escreenwriter. ‡0(LARL_NWRL_CONSORTIUM)186061
7001 . ‡aGillan, Karen, ‡d1987- ‡eactor.
7001 . ‡aThwaites, Brenton, ‡eactor.
7001 . ‡aSackhoff, Katee, ‡eactor. ‡0(LARL_NWRL_CONSORTIUM)211378
7001 . ‡aCochrane, Rory, ‡eactor. ‡0(LARL_NWRL_CONSORTIUM)210271
7001 . ‡aBasso, Annalise, ‡eactor.
7001 . ‡aRyan, Garrett, ‡d1999- ‡eactor.
7001 . ‡aLafferty, James, ‡d1985- ‡eactor. ‡0(LARL_NWRL_CONSORTIUM)214098
7001 . ‡aSandoval, Miguel, ‡d1951- ‡eactor. ‡0(LARL_NWRL_CONSORTIUM)146878
7001 . ‡aFimognari, Michael, ‡ecinematographer.
7102 . ‡aRelativity Media, ‡eproduction company. ‡0(LARL_NWRL_CONSORTIUM)211930
7102 . ‡aIntrepid Pictures, ‡eproduction company. ‡0(LARL_NWRL_CONSORTIUM)212327
7102 . ‡aBlumhouse Productions, ‡efilm presenter. ‡0(LARL_NWRL_CONSORTIUM)217798
7102 . ‡aTwentieth Century Fox Home Entertainment, Inc., ‡efilm distributor. ‡0(LARL_NWRL_CONSORTIUM)140752
7102 . ‡aNewton Brothers.
948 . ‡hNO HOLDINGS IN LAL - 759 OTHER HOLDINGS
994 . ‡aZ0 ‡bLAL
901 . ‡a169402 ‡bOCLC ‡c169402 ‡tbiblio

Additional Resources